Central Library OPAC University of Rajshahi

Plasma physics : (Record no. 9083)

MARC details
000 -LEADER
fixed length control field 00943cam a2200265I 4500
001 - CONTROL NUMBER
control field 9083
003 - CONTROL NUMBER IDENTIFIER
rucl marc code BD-RjUL
005 - DATE AND TIME OF LATEST TRANSACTION
control field 20211208234719.0
008 - FIXED-LENGTH DATA ELEMENTS--GENERAL INFORMATION
fixed length control field 140120r19651962ilu b 00100 engm
035 ## - SYSTEM CONTROL NUMBER
System control number (BD-RjUL)9128
040 ## - CATALOGING SOURCE
Original cataloging agency DLC
Transcribing agency KSU
Modifying agency SER
-- BOS
-- BD-RjUL
Language of cataloging eng
041 ## - LANGUAGE CODE
Language code of text/sound track or separate title eng
082 04 - DEWEY DECIMAL CLASSIFICATION NUMBER
Edition number 16
Classification number 537.16
Author mark and year CHP 1965
090 ## - LOCALLY ASSIGNED LC-TYPE CALL NUMBER (OCLC); LOCAL CALL NUMBER (OCLC)
Classification number (OCLC) (R) ; Classification number, CALL (RLIN) (NR) QC718
Local cutter number (OCLC) ; Book number/undivided call number, CALL (RLIN) .F60
100 1# - MAIN ENTRY--PERSONAL NAME
Personal name Chandrasekhar, S.
Fuller form of name (Subrahmanyan),
Dates associated with a name 1910-1995.
9 (RLIN) 27721
245 10 - TITLE STATEMENT
Title Plasma physics :
Remainder of title a course given at the University of Chicago /
Statement of responsibility, etc. Notes compiled by S.K. Trehan.
260 ## - PUBLICATION, DISTRIBUTION, ETC. (IMPRINT)
Place of publication, distribution, etc. Chicago :
Name of publisher, distributor, etc. University of Chicago Press,
Date of publication, distribution, etc. 1962 [impression 1965].
300 ## - PHYSICAL DESCRIPTION
Pagination 217 p. :
Size 21 cm.
500 ## - GENERAL NOTE
General note A reproduction of Trehan's notes of 19 lectures, with only minor amplifications at a few places.
504 ## - BIBLIOGRAPHY, ETC. NOTE
Bibliography, etc Includes biblioraphy.
650 #0 - SUBJECT ADDED ENTRY--TOPICAL TERM
Topical term or geographic name as entry element Plasma (Ionized gases)
9 (RLIN) 28196
700 1# - ADDED ENTRY--PERSONAL NAME
Personal name Trehan, S. K.
Fuller form of name (Surindar Kumar),
Dates associated with a name 1931-
942 ## - ADDED ENTRY ELEMENTS (KOHA)
Source of classification or shelving scheme Dewey Decimal Classification
Koha item type Books
Holdings
Lost status Source of classification or shelving scheme Damaged status Not for loan Collection code Permanent Location Current Location Shelving location Date acquired Source of acquisition Cost, normal purchase price Total Checkouts Full call number Date last seen Copy number Koha item type
  Dewey Decimal Classification   Not For Loan Non-fiction Central Library, University of Rajshahi Central Library, University of Rajshahi   10/02/1970 Zeitlinger 18.00   537.16 CHP 1965 20/01/2014 C-1 Books
  Dewey Decimal Classification     Non-fiction Central Library, University of Rajshahi Central Library, University of Rajshahi   10/02/1970 Zeithlinger. 18.00   537.16 CHP 1965 11/05/2017 C-2 Books